[Event "Vellmar op 11th"]
[Site "Vellmar"]
[Date "2019.07.07"]
[Round "7"]
[White "Zahn, Richard"]
[Black "Jensen, Jacob Bjerre"]
[Result "1/2-1/2"]
[WhiteElo "2051"]
[BlackElo "2173"]
[PlyCount "64"]
[EventDate "2019.07.04"]
[EventType "swiss"]
[EventRounds "7"]
[EventCountry "GER"]
[SourceTitle "CBM 191 Extra"]
[Source "ChessBase"]
[SourceDate "2019.09.30"]
[SourceVersion "1"]
[SourceVersionDate "2019.09.30"]
[SourceQuality "1"]

1. d4 Nf6 2. e3 g6 3. f4 Bg7 4. Nf3 0-0 5. c3 d6 6. Bc4 Nbd7 7. 0-0 c5 8. Qe2 Rb8 9. Nbd2 d5 10. Bd3 c4 11. Bc2 b5 12. a3 Bb7 13. e4 dxe4 14. Ng5 Qc7 15. Ndxe4 Rbe8 16. f5 Qc6 17. Ng3 e5 18. fxe6 fxe6 19. Be4 Nxe4 20. Rxf8+ Rxf8 21. Qxe4 Qxe4 22. N5xe4 e5 23. Be3 exd4 24. Bxd4 Bxd4+ 25. cxd4 a5 26. Nd6 Bc6 27. d5 Bxd5 28. Nxb5 Rb8 29. Nc3 Bc6 30. Rd1 Rxb2 31. Nge2 Ne5 32. Rd4 a4 1/2-1/2

[Event "Vellmar op 11th"]
[Site "Vellmar"]
[Date "2019.07.06"]
[Round "4"]
[White "Hahn, Markus"]
[Black "Zahn, Richard"]
[Result "1-0"]
[WhiteElo "2290"]
[BlackElo "2051"]
[PlyCount "47"]
[EventDate "2019.07.04"]
[EventType "swiss"]
[EventRounds "7"]
[EventCountry "GER"]
[SourceTitle "CBM 191 Extra"]
[Source "ChessBase"]
[SourceDate "2019.09.30"]
[SourceVersion "1"]
[SourceVersionDate "2019.09.30"]
[SourceQuality "1"]

1. c4 e6 2. Nf3 d5 3. d4 c6 4. Nc3 f5 5. Bf4 Nf6 6. e3 Bd6 7. Bd3 0-0 8. Qc2 Ne4 9. Bxd6 Nxd6 10. Ne5 Nd7 11. cxd5 exd5 12. f4 Nf6 13. 0-0-0 Nfe4 14. Rhg1 Nf7 15. g4 Qa5 16. gxf5 Bxf5 17. Nxe4 Nxe5 18. dxe5 dxe4 19. Bxe4 Bxe4 20. Qxe4 Qc5+ 21. Kb1 Rad8 22. Rd3 Rxd3 23. Qxd3 Rxf4 24. Rc1 1-0

[Event "Niederrhein-ch"]
[Site "Solingen"]
[Date "2019.04.17"]
[Round "6.5"]
[White "Westermann, Johannes"]
[Black "Zahn, Richard"]
[Result "1-0"]
[WhiteElo "2036"]
[BlackElo "2001"]
[PlyCount "81"]
[EventDate "2019.04.12"]
[EventType "swiss"]
[EventRounds "7"]
[EventCountry "GER"]
[SourceTitle "EXT 2022"]
[Source "ChessBase"]
[SourceDate "2021.10.06"]
[SourceVersion "1"]
[SourceVersionDate "2021.10.06"]
[SourceQuality "1"]

1. d4 e6 2. c4 d5 3. Nc3 f5 4. Nf3 Nf6 5. Bf4 c6 6. e3 Bd6 7. Bd3 0-0 8. 0-0 Qe7 9. a3 Ne4 10. c5 Bc7 11. Qc2 Qd8 12. Ne2 Nd7 13. b4 Ndf6 14. Ne1 Nh5 15. Bxc7 Qxc7 16. f3 Ng5 17. h4 Nf7 18. g4 Ng3 19. Nxg3 Qxg3+ 20. Ng2 h6 21. gxf5 exf5 22. Qf2 Qxf2+ 23. Kxf2 Nd8 24. Nf4 Ne6 25. Ng6 Rf7 26. Rae1 Kh7 27. Rg1 Nf8 28. h5 Be6 29. Rg2 Nd7 30. Reg1 Nf6 31. Nf4 Bd7 32. Ng6 Be6 33. Ne5 Re7 34. Rg6 Rae8 35. b5 Bc8 36. bxc6 bxc6 37. Nxc6 Rb7 38. Rb1 Rxb1 39. Bxb1 Nxh5 40. Rd6 Nf6 41. Nxa7 1-0

[Event "Bremen Silvester op"]
[Site "Bremen"]
[Date "2018.12.28"]
[Round "3"]
[White "Schiller, Jan Hendrik"]
[Black "Zahn, Richard"]
[Result "0-1"]
[WhiteElo "1829"]
[BlackElo "2067"]
[PlyCount "56"]
[EventDate "2018.12.27"]
[EventType "swiss"]
[EventRounds "7"]
[EventCountry "GER"]
[SourceTitle "CBM 188 Extra"]
[Source "ChessBase"]
[SourceDate "2019.02.26"]
[SourceVersion "1"]
[SourceVersionDate "2019.02.26"]
[SourceQuality "1"]

1. d4 d5 2. Bf4 e6 3. e3 Bd6 4. Bg3 f5 5. Nf3 Nf6 6. c4 0-0 7. Qc2 Ne4 8. c5 Be7 9. Nc3 c6 10. Bxb8 Rxb8 11. Ne5 Bf6 12. Nd3 Qe7 13. f4 g5 14. Ne5 gxf4 15. Nxe4 fxe4 16. exf4 Bxe5 17. fxe5 b6 18. b4 bxc5 19. bxc5 Qh4+ 20. g3 Qg5 21. Rd1 Rf3 22. Rd2 Rb4 23. Be2 Qe3 24. Kd1 Rf2 25. Rf1 Rxh2 26. g4 Rxd4 27. Rxd4 Qxd4+ 28. Ke1 Ba6 0-1

[Event "Vellmar op 10th"]
[Site "Vellmar"]
[Date "2018.07.14"]
[Round "4"]
[White "Arya, Nirag Shah"]
[Black "Zahn, Richard"]
[Result "1/2-1/2"]
[WhiteElo "1819"]
[BlackElo "2090"]
[PlyCount "73"]
[EventDate "2018.07.12"]
[EventType "swiss"]
[EventRounds "7"]
[EventCountry "GER"]
[SourceTitle "CBM 185 Extra"]
[Source "ChessBase"]
[SourceDate "2018.07.29"]
[SourceVersion "1"]
[SourceVersionDate "2018.07.29"]
[SourceQuality "1"]

1. d4 e6 2. Nf3 d5 3. Bf4 Bd6 4. Bg3 f5 5. e3 Nf6 6. c4 c6 7. Qc2 0-0 8. Bd3 Ne4 9. Nbd2 Qe7 10. c5 Bc7 11. b4 a5 12. Bxc7 Qxc7 13. bxa5 Rxa5 14. 0-0 Nd7 15. Nb3 Ra8 16. Nfd2 b6 17. cxb6 Qxb6 18. Rfc1 Bb7 19. f3 Nef6 20. a4 Ba6 21. a5 Qc7 22. Bxa6 Rxa6 23. Nc5 Nxc5 24. Qxc5 Rfa8 25. Nb3 e5 26. dxe5 Qxe5 27. Qd4 Qc7 28. Ra4 Nd7 29. Nc5 Rxa5 30. Rxa5 Rxa5 31. Nxd7 Qxd7 32. e4 fxe4 33. fxe4 Qa7 34. Qxa7 Rxa7 35. Rxc6 dxe4 36. Rc4 Re7 37. Kf2 1/2-1/2

[Event "Niederrhein-ch"]
[Site "Solingen"]
[Date "2018.03.23"]
[Round "1.1"]
[White "Zahn, Richard"]
[Black "Heinert, Eugen"]
[Result "1/2-1/2"]
[WhiteElo "2010"]
[BlackElo "2237"]
[PlyCount "35"]
[EventDate "2018.03.23"]
[EventType "swiss"]
[EventRounds "7"]
[EventCountry "GER"]
[SourceTitle "EXT 2022"]
[Source "ChessBase"]
[SourceDate "2021.10.06"]
[SourceVersion "1"]
[SourceVersionDate "2021.10.06"]
[SourceQuality "1"]

1. e4 e6 2. d4 d5 3. exd5 exd5 4. Bd3 Nc6 5. c3 Bd6 6. Qf3 Be6 7. Bf4 Nge7 8. Ne2 Ng6 9. Bxd6 Qxd6 10. Qg3 0-0-0 11. Nd2 Nce7 12. Qxd6 Rxd6 13. f3 Bf5 14. Bxf5+ Nxf5 15. Kf2 Re8 16. Rhe1 Rde6 17. g3 Kd7 18. Nf1 1/2-1/2

[Event "Niederrhein-ch"]
[Site "Solingen"]
[Date "2016.03.25"]
[Round "7"]
[White "Zahn, Richard"]
[Black "Ten Huf, Martin"]
[Result "1/2-1/2"]
[WhiteElo "1975"]
[BlackElo "2089"]
[PlyCount "118"]
[EventDate "2016.03.19"]
[EventType "swiss"]
[EventRounds "7"]
[EventCountry "GER"]
[SourceTitle "EXT 2018"]
[Source "ChessBase"]
[SourceDate "2017.10.13"]
[SourceVersion "1"]
[SourceVersionDate "2017.10.13"]
[SourceQuality "1"]

1. f4 d5 2. Nf3 Nf6 3. e3 c5 4. d4 Bf5 5. c3 e6 6. Be2 Nc6 7. 0-0 h6 8. Ne5 Be7 9. Nd2 Qc7 10. Ndf3 Ne4 11. Nd3 0-0 12. Nf2 f6 13. Nxe4 Bxe4 14. Nd2 Bf5 15. Qe1 Rae8 16. g4 Bh7 17. Qg3 Bd6 18. dxc5 Bxc5 19. Nb3 Bb6 20. Kg2 Be4+ 21. Bf3 Bxf3+ 22. Qxf3 f5 23. Nd4 Bxd4 24. exd4 fxg4 25. Qxg4 Qf7 26. Bd2 Qf5 27. Qe2 Rf6 28. Rac1 Ne7 29. Rce1 Qg6+ 30. Kh1 Nf5 31. Rg1 Qf7 32. Rg4 Nd6 33. Reg1 g6 34. Be1 Ne4 35. Bh4 g5 36. fxg5 hxg5 37. Rxe4 dxe4 38. Bxg5 Rg6 39. Qxe4 Qf5 40. Qg2 Qd5 41. h4 b5 42. b3 Rc8 43. Rc1 b4 44. Qxd5 exd5 45. c4 Re6 46. Rc2 Re4 47. Bf6 Rf4 48. Be5 Rxh4+ 49. Kg2 dxc4 50. bxc4 Kf7 51. Rf2+ Ke6 52. Rf6+ Ke7 53. c5 Rg4+ 54. Kf2 Rf8 55. Rxf8 Kxf8 56. Kf3 Rg1 57. d5 Ke8 58. c6 Rc1 59. Bc7 a5 1/2-1/2

[Event "Niederrhein-ch"]
[Site "Solingen"]
[Date "2016.03.24"]
[Round "6"]
[White "Mohrholz, Stefan"]
[Black "Zahn, Richard"]
[Result "1-0"]
[WhiteElo "1951"]
[BlackElo "1975"]
[PlyCount "119"]
[EventDate "2016.03.19"]
[EventType "swiss"]
[EventRounds "7"]
[EventCountry "GER"]
[SourceTitle "EXT 2018"]
[Source "ChessBase"]
[SourceDate "2017.10.13"]
[SourceVersion "1"]
[SourceVersionDate "2017.10.13"]
[SourceQuality "1"]

1. Nf3 d5 2. c4 dxc4 3. Na3 e5 4. Nxe5 Bxa3 5. Qa4+ b5 6. Qxa3 Nf6 7. g3 Bb7 8. Nf3 Qd6 9. Qxd6 cxd6 10. Bg2 Nbd7 11. 0-0 Ne5 12. Nd4 Bxg2 13. Kxg2 Rb8 14. f4 Ned7 15. b3 0-0 16. bxc4 bxc4 17. Ba3 Rb6 18. Rfc1 Rc8 19. Nf5 Re8 20. Rxc4 d5 21. Rc7 Rxe2+ 22. Kf3 Re8 23. Rxa7 Rbe6 24. g4 Nb6 25. Nd6 Nc4 26. Nxe8 Nxd2+ 27. Kg2 Rxe8 28. Re7 Ra8 29. g5 Rxa3 30. gxf6 gxf6 31. Re2 Ne4 32. Rc1 f5 33. Rc8+ Kg7 34. Rd8 Rd3 35. a4 Nc3 36. Re5 Rd4 37. Rxf5 Rxa4 38. Rd7 Nd1 39. Rfxf7+ Kg6 40. Rxh7 Rxf4 41. Rhg7+ Kh6 42. Rg3 Rf2+ 43. Kg1 Rd2 44. Rd8 Kh7 45. Rf8 Rd4 46. Rf5 Kh6 47. Rff3 Re4 48. Rd3 Re1+ 49. Kg2 Kh7 50. Rd2 Kh6 51. Rd4 Ne3+ 52. Kf2 Nf5 53. Kxe1 Nxd4 54. Rd3 Ne6 55. Rxd5 Kg6 56. Kf2 Nf4 57. Ra5 Kf6 58. Kg3 Ne2+ 59. Kg4 Nd4 60. h4 1-0

[Event "Niederrhein-ch"]
[Site "Solingen"]
[Date "2016.03.19"]
[Round "1"]
[White "Heinert, Eugen"]
[Black "Zahn, Richard"]
[Result "1-0"]
[WhiteElo "2112"]
[BlackElo "1975"]
[PlyCount "61"]
[EventDate "2016.03.19"]
[EventType "swiss"]
[EventRounds "7"]
[EventCountry "GER"]
[SourceTitle "EXT 2018"]
[Source "ChessBase"]
[SourceDate "2017.10.13"]
[SourceVersion "1"]
[SourceVersionDate "2017.10.13"]
[SourceQuality "1"]

1. d4 f5 2. Nf3 Nf6 3. c4 e6 4. Nc3 d5 5. Bf4 c6 6. e3 Bd6 7. Bd3 0-0 8. Qc2 Bxf4 9. exf4 Ne4 10. 0-0 Nd7 11. Rad1 Ndf6 12. Ne5 Nh5 13. g3 g5 14. Be2 Nhf6 15. Nxe4 Nxe4 16. f3 Nd6 17. Qd2 h6 18. b4 a6 19. a4 Nf7 20. c5 Nxe5 21. fxe5 f4 22. b5 axb5 23. axb5 Bd7 24. Rb1 Qa5 25. Qd3 Kg7 26. Bd1 fxg3 27. hxg3 Rh8 28. Bc2 Be8 29. bxc6 bxc6 30. Rb7+ Kf8 31. f4 1-0

[Event "Vellmar op 7th"]
[Site "Vellmar"]
[Date "2015.08.08"]
[Round "5"]
[White "Grcic, Vukasin"]
[Black "Zahn, Richard"]
[Result "0-1"]
[WhiteElo "1905"]
[BlackElo "2091"]
[PlyCount "132"]
[EventDate "2015.08.06"]
[EventType "swiss"]
[EventRounds "7"]
[EventCountry "GER"]
[SourceTitle "CBM 167 Extra"]
[Source "ChessBase"]
[SourceDate "2015.09.14"]
[SourceVersion "1"]
[SourceVersionDate "2015.09.14"]
[SourceQuality "1"]

1. e4 e6 2. d4 d5 3. Nd2 c5 4. c3 Nc6 5. Ngf3 Nf6 6. e5 Nd7 7. Bd3 Qb6 8. Qb3 Qxb3 9. axb3 cxd4 10. cxd4 Nb4 11. Bb1 Nb8 12. 0-0 b6 13. Rd1 Ba6 14. Nf1 Be2 15. Rd2 Bxf3 16. gxf3 N8c6 17. Rd1 Na5 18. Ba2 Nxa2 19. Rxa2 Nxb3 20. Ra6 Bb4 21. Be3 Kd7 22. Ra4 Be7 23. Rd3 Na5 24. Nd2 Rhc8 25. b4 Nc6 26. b5 Na5 27. Kf1 Rc2 28. Nb3 Nc4 29. Ra6 Nb2 30. Rd2 Rxd2 31. Nxd2 Nd3 32. Ke2 Nb4 33. Ra4 a5 34. bxa6 Rxa6 35. Rxa6 Nxa6 36. Kd3 Bb4 37. Nf1 Kc6 38. Ng3 g6 39. h4 Kb5 40. h5 Ka4 41. hxg6 hxg6 42. Kc2 b5 43. Ne2 Ba5 44. Kb2 b4 45. Nf4 Bd8 46. Nd3 Be7 47. f4 Nb8 48. Ka2 b3+ 49. Kb1 Nc6 50. Nb2+ Kb5 51. Nd3 Ba3 52. Ne1 Kc4 53. Nf3 Be7 54. Nd2+ Kc3 55. Nf3 Bd8 56. Bd2+ Kd3 57. Be3 Bb6 58. Ng5 Bxd4 59. Bxd4 Nxd4 60. Kb2 Ne2 61. Nxf7 Nxf4 62. Kxb3 Ke2 63. Kc3 Kxf2 64. Kd4 Kf3 65. Ng5+ Kg4 66. Nh7 Kf5 0-1

[Event "Vellmar op 7th"]
[Site "Vellmar"]
[Date "2015.08.07"]
[Round "3"]
[White "Koellner, Ruben Gideon"]
[Black "Zahn, Richard"]
[Result "0-1"]
[WhiteElo "1790"]
[BlackElo "2091"]
[PlyCount "70"]
[EventDate "2015.08.06"]
[EventType "swiss"]
[EventRounds "7"]
[EventCountry "GER"]
[SourceTitle "CBM 167 Extra"]
[Source "ChessBase"]
[SourceDate "2015.09.14"]
[SourceVersion "1"]
[SourceVersionDate "2015.09.14"]
[SourceQuality "1"]

1. d4 e6 2. Nf3 f5 3. g3 Nf6 4. Bg2 d5 5. b3 c6 6. 0-0 Bd6 7. Ba3 Bxa3 8. Nxa3 Qe7 9. Nb1 Nbd7 10. Nbd2 0-0 11. e3 Ne4 12. Nxe4 fxe4 13. Nd2 e5 14. c3 Nf6 15. Qe2 Bd7 16. f3 exf3 17. Bxf3 e4 18. Bg2 Bg4 19. Qe1 Qd7 20. Rf2 Rf7 21. Qf1 Raf8 22. h3 Be6 23. h4 Qd6 24. Rf4 Nh5 25. Rxf7 Rxf7 26. Qe1 Nxg3 27. Nf1 Nxf1 28. Bxf1 Bg4 29. Rb1 Rf6 30. Rb2 Bf3 31. Bg2 Rg6 32. Kh1 Qf6 33. Rf2 Qxh4+ 34. Kg1 Qf6 35. Rb2 Qe6 0-1

[Event "Niederrhein-ch"]
[Site "Solingen"]
[Date "2015.04.03"]
[Round "7"]
[White "Zahn, Richard"]
[Black "Schuelke, Tilman"]
[Result "1/2-1/2"]
[WhiteElo "2112"]
[BlackElo "1971"]
[PlyCount "86"]
[EventDate "2015.03.28"]
[EventType "swiss"]
[EventRounds "7"]
[EventCountry "GER"]
[SourceTitle "EXT 2016"]
[Source "ChessBase"]
[SourceDate "2015.10.08"]
[SourceVersion "1"]
[SourceVersionDate "2015.10.08"]
[SourceQuality "1"]

1. f4 d5 2. Nf3 g6 3. e3 Bg7 4. d4 c5 5. c3 Nh6 6. Bd3 0-0 7. 0-0 b6 8. Qe2 a5 9. Nbd2 Ba6 10. Bxa6 Nxa6 11. Ng5 Qd7 12. Ndf3 f6 13. Nh3 f5 14. Ne5 Qe8 15. Ng5 Nc7 16. Bd2 Bxe5 17. fxe5 Nf7 18. Nh3 Qb5 19. Qxb5 Nxb5 20. Nf4 Nc7 21. h3 Ng5 22. g4 Ne4 23. Be1 e6 24. Kg2 c4 25. Ne2 h6 26. Bh4 g5 27. Bg3 fxg4 28. hxg4 Rxf1 29. Rxf1 b5 30. Be1 Rb8 31. a3 Rb6 32. Ng3 Nxg3 33. Kxg3 Kg7 34. Kf3 Na6 35. e4 Nc7 36. Bd2 dxe4+ 37. Kxe4 Nd5 38. Rb1 a4 39. Rf1 Rb8 40. Rf3 Rh8 41. Rh3 Kg6 42. Be3 Rh7 43. Bd2 Rh8 1/2-1/2

[Event "Niederrhein-ch"]
[Site "Solingen"]
[Date "2015.04.01"]
[Round "5"]
[White "Waagener, Ulrich"]
[Black "Zahn, Richard"]
[Result "1-0"]
[WhiteElo "2192"]
[BlackElo "2112"]
[PlyCount "133"]
[EventDate "2015.03.28"]
[EventType "swiss"]
[EventRounds "7"]
[EventCountry "GER"]
[SourceTitle "EXT 2016"]
[Source "ChessBase"]
[SourceDate "2015.10.08"]
[SourceVersion "1"]
[SourceVersionDate "2015.10.08"]
[SourceQuality "1"]

1. e4 e5 2. Bc4 Nc6 3. c3 Nf6 4. d3 Na5 5. Bb5 c6 6. Ba4 b5 7. Bc2 d5 8. Nd2 dxe4 9. dxe4 Qc7 10. Ngf3 Be7 11. Qe2 0-0 12. 0-0 a6 13. Rd1 Bg4 14. Nf1 Rad8 15. Bg5 h6 16. Bxf6 Bxf6 17. a4 Be6 18. Ne3 Nc4 19. axb5 axb5 20. Nxc4 Bxc4 21. Qe3 Rxd1+ 22. Bxd1 Rd8 23. Qc5 Qd6 24. Qxd6 Rxd6 25. Bc2 Be2 26. Bb3 Bxf3 27. gxf3 Rd2 28. Ra8+ Kh7 29. Bxf7 Rxb2 30. Be8 Rc2 31. Bxc6 b4 32. Bd7 Rxc3 33. Bf5+ g6 34. Ra7+ Bg7 35. Be6 Rc6 36. Bb3 Rb6 37. h4 h5 38. Kg2 Kh6 39. Kg3 Bf6 40. Ra8 g5 41. hxg5+ Bxg5 42. Rh8+ Kg6 43. Rg8+ Kf6 44. Rf8+ Ke7 45. Rh8 Kd6 46. Rxh5 Bf4+ 47. Kg4 Kc5 48. Rh8 Kd4 49. Rc8 Kd3 50. Rc4 Bd2 51. Kf5 Bc3 52. f4 exf4 53. e5 f3 54. e6 Rb7 55. Kf4 Rh7 56. Kxf3 Rh5 57. Kg4 Re5 58. f4 Re1 59. Kf5 Re3 60. Rc7 Be1 61. e7 Bh4 62. Bc2+ Kd4 63. Rd7+ Kc3 64. Be4 Bxe7 65. Rxe7 b3 66. Rb7 b2 67. Ke5 1-0

[Event "Niederrhein-ch"]
[Site "Solingen"]
[Date "2015.03.30"]
[Round "3"]
[White "Ten Huf, Martin"]
[Black "Zahn, Richard"]
[Result "1-0"]
[WhiteElo "2019"]
[BlackElo "2112"]
[PlyCount "109"]
[EventDate "2015.03.28"]
[EventType "swiss"]
[EventRounds "7"]
[EventCountry "GER"]
[SourceTitle "EXT 2016"]
[Source "ChessBase"]
[SourceDate "2015.10.08"]
[SourceVersion "1"]
[SourceVersionDate "2015.10.08"]
[SourceQuality "1"]

1. e4 e6 2. d4 d5 3. Nc3 Bb4 4. e5 Ne7 5. a3 Bxc3+ 6. bxc3 c5 7. Qg4 Kf8 8. Bd3 Nbc6 9. Nf3 c4 10. Be2 Nf5 11. a4 Bd7 12. Qh3 Kg8 13. g4 Nfe7 14. Nh4 Ng6 15. Ng2 Qa5 16. 0-0 b5 17. f4 Nce7 18. Ba3 bxa4 19. Bb4 Qd8 20. Ne3 Nc6 21. Bd6 Qa5 22. Ra3 Nxd4 23. cxd4 Qd2 24. Qf3 Qxd4 25. Kh1 Rc8 26. c3 Qb6 27. f5 Nh4 28. fxe6 Nxf3 29. exd7 Rd8 30. Nxd5 Qb2 31. Ne7+ Kf8 32. Nd5+ Kg8 33. Bxf3 Rxd7 34. Rxa4 h5 35. g5 Qc2 36. Rxc4 Qd3 37. Rc8+ Kh7 38. Rxh8+ Kxh8 39. Kg2 Qd2+ 40. Kh1 Qd3 41. Bg2 h4 42. Nf4 Qc4 43. g6 fxg6 44. Nxg6+ Kg8 45. Rf8+ Kh7 46. Rf4 Qb5 47. Nf8+ Kh6 48. Nxd7 Qxd7 49. Rxh4+ Kg5 50. Rd4 Qb5 51. h4+ Kh5 52. e6 g5 53. hxg5 Qe2 54. e7 Kxg5 55. Bg3 1-0

[Event "Niederrhein-ch"]
[Site "Solingen"]
[Date "2015.03.29"]
[Round "2"]
[White "Zahn, Richard"]
[Black "Heinert, Eugen"]
[Result "1/2-1/2"]
[WhiteElo "2112"]
[BlackElo "2154"]
[PlyCount "93"]
[EventDate "2015.03.28"]
[EventType "swiss"]
[EventRounds "7"]
[EventCountry "GER"]
[SourceTitle "EXT 2016"]
[Source "ChessBase"]
[SourceDate "2015.10.08"]
[SourceVersion "1"]
[SourceVersionDate "2015.10.08"]
[SourceQuality "1"]

1. f4 d5 2. Nf3 g6 3. e3 Bg7 4. d4 Nf6 5. Bd3 c5 6. c3 0-0 7. 0-0 b6 8. Qe2 Ne4 9. Nbd2 Bb7 10. Ne5 f6 11. Nxe4 fxe5 12. Ng5 e4 13. Bb5 Qc8 14. Bd2 a6 15. Ba4 a5 16. Bb5 Ba6 17. Bxa6 Nxa6 18. Rac1 c4 19. g4 h6 20. Nh3 b5 21. a3 Qd7 22. Ra1 Rab8 23. Qg2 Rb6 24. Kh1 Nb8 25. Nf2 Nc6 26. h4 e6 27. Nh3 Qe7 28. Qg3 b4 29. axb4 axb4 30. h5 g5 31. fxg5 Rxf1+ 32. Rxf1 hxg5 33. Qf2 Rb8 34. cxb4 Nxb4 35. Qh2 Nc6 36. Bc3 Ra8 37. h6 Bxh6 38. Nf4 gxf4 39. Qxh6 f3 40. Kg1 Nd8 41. Kf2 Qh7 42. Qg5+ Qg7 43. Qh5 Nf7 44. Rh1 Kf8 45. Bb4+ Ke8 46. Qh4 Nd8 47. Qg3 1/2-1/2

[Event "Rheinhausen-ch 19th"]
[Site "Duisburg Rheinhausen"]
[Date "2015.02.18"]
[Round "4"]
[White "Rivinius, Otto"]
[Black "Zahn, Richard"]
[Result "0-1"]
[WhiteElo "1723"]
[BlackElo "1994"]
[PlyCount "52"]
[EventDate "2015.01.09"]
[EventType "swiss"]
[EventRounds "7"]
[EventCountry "GER"]
[SourceTitle "EXT 2018"]
[Source "ChessBase"]
[SourceDate "2017.10.13"]
[SourceVersion "1"]
[SourceVersionDate "2017.10.13"]
[SourceQuality "1"]

1. Nf3 d5 2. g3 e6 3. Bg2 Bd6 4. 0-0 e5 5. d3 Ne7 6. c4 c6 7. Nc3 0-0 8. Qb3 d4 9. Ne4 c5 10. Nfg5 Na6 11. f4 Bc7 12. fxe5 Bxe5 13. Bf4 Bxf4 14. Rxf4 Ng6 15. Rf2 f5 16. Raf1 h6 17. h4 Qe7 18. Qd1 Bd7 19. Kh2 Ne5 20. Bf3 fxe4 21. Nxe4 Nxf3+ 22. exf3 Qe6 23. Kg1 Bc6 24. Re1 Rae8 25. Kg2 Qg6 26. Ref1 b6 0-1

[Event "Rheinhausen-ch 19th"]
[Site "Duisburg Rheinhausen"]
[Date "2015.01.18"]
[Round "2"]
[White "Zahn, Richard"]
[Black "Remek, Uwe"]
[Result "1-0"]
[WhiteElo "1994"]
[BlackElo "1719"]
[PlyCount "79"]
[EventDate "2015.01.09"]
[EventType "swiss"]
[EventRounds "7"]
[EventCountry "GER"]
[SourceTitle "EXT 2018"]
[Source "ChessBase"]
[SourceDate "2017.10.13"]
[SourceVersion "1"]
[SourceVersionDate "2017.10.13"]
[SourceQuality "1"]

1. f4 d5 2. Nf3 g6 3. e3 Bg7 4. d4 Bg4 5. Bd3 f5 6. 0-0 Nf6 7. c3 Bxf3 8. gxf3 c6 9. Nd2 Qc7 10. a4 Nbd7 11. b4 e6 12. Nb3 b6 13. Ba3 Kf7 14. Qd2 Bf8 15. Rfc1 Qb7 16. Kf2 Rc8 17. c4 Be7 18. c5 h6 19. b5 Nb8 20. cxb6 Qxb6 21. Bxe7 Kxe7 22. Qb4+ Kf7 23. a5 Qb7 24. b6 Nfd7 25. Nc5 Nxc5 26. dxc5 a6 27. Rg1 Rce8 28. Qd4 Qe7 29. Rg2 e5 30. fxe5 Qxe5 31. Rag1 Qxd4 32. exd4 Re6 33. Bxf5 gxf5 34. Rg7+ Kf8 35. Rb7 Re8 36. Rgg7 Rc8 37. Rgf7+ Ke8 38. Ke3 Rf8 39. Rfe7+ Kd8 40. Kf4 1-0

[Event "Rheinhausen-ch op 18th"]
[Site "Rheinhausen"]
[Date "2014.03.21"]
[Round "6"]
[White "Zahn, Richard"]
[Black "Hartmann, Karl Heinz"]
[Result "0-1"]
[WhiteElo "1971"]
[BlackElo "1893"]
[PlyCount "90"]
[EventDate "2014.01.10"]
[EventType "swiss"]
[EventRounds "7"]
[EventCountry "GER"]
[SourceTitle "EXT 2017"]
[Source "ChessBase"]
[SourceDate "2016.10.25"]
[SourceVersion "1"]
[SourceVersionDate "2016.10.25"]
[SourceQuality "1"]

1. f4 d6 2. Nf3 c5 3. e3 Nc6 4. d4 cxd4 5. exd4 d5 6. c3 Bf5 7. Be2 Nf6 8. 0-0 e6 9. Ne5 Nd7 10. Nd2 f6 11. Bh5+ g6 12. Nxd7 Qxd7 13. Be2 Bd6 14. g4 Be4 15. Nxe4 dxe4 16. Be3 f5 17. d5 exd5 18. Qxd5 0-0-0 19. b4 Bb8 20. Qc4 Qd5 21. b5 Qxc4 22. Bxc4 Ne7 23. Be6+ Kc7 24. Bd4 Rhe8 25. Rfd1 b6 26. Bf6 Rd3 27. Rxd3 exd3 28. Rd1 Ng8 29. Be5+ Kb7 30. Bd5+ Kc8 31. Bxb8 Kxb8 32. Bxg8 Rxg8 33. Rxd3 fxg4 34. Rd4 Re8 35. Kf2 h5 36. Rc4 Re6 37. Kg3 Re3+ 38. Kh4 Rh3+ 39. Kg5 Rxh2 40. Re4 g3 41. Re1 h4 42. Kg4 g2 43. Kf3 h3 44. Kf2 Rh1 45. Rg1 Kc7 0-1

[Event "Rheinhausen-ch op 18th"]
[Site "Rheinhausen"]
[Date "2014.03.07"]
[Round "5"]
[White "Zahn, Richard"]
[Black "Remek, Uwe"]
[Result "1-0"]
[WhiteElo "1971"]
[BlackElo "1655"]
[PlyCount "125"]
[EventDate "2014.01.10"]
[EventType "swiss"]
[EventRounds "7"]
[EventCountry "GER"]
[SourceTitle "EXT 2017"]
[Source "ChessBase"]
[SourceDate "2016.10.25"]
[SourceVersion "1"]
[SourceVersionDate "2016.10.25"]
[SourceQuality "1"]

1. f4 g6 2. Nf3 Bg7 3. d4 d5 4. e3 c5 5. c3 cxd4 6. exd4 e6 7. Bd3 Nf6 8. Qe2 0-0 9. 0-0 b6 10. Ne5 Bb7 11. Nd2 Nbd7 12. g4 Qe7 13. a4 Nxe5 14. fxe5 Nd7 15. Nf3 f6 16. Bf4 fxe5 17. Bxe5 Bxe5 18. Nxe5 Rxf1+ 19. Rxf1 Rf8 20. Re1 Nf6 21. g5 Nh5 22. Qe3 Nf4 23. h4 Nxd3 24. Nxd3 Bc8 25. Nf4 Qf7 26. Rf1 Qf5 27. Rf2 Qg4+ 28. Ng2 Rxf2 29. Qxf2 Qf5 30. Qxf5 exf5 31. Nf4 Bb7 32. Kf2 Kf7 33. Ke3 Bc6 34. Kd3 Ke7 35. b3 Kd6 36. Nh3 a5 37. Nf4 b5 38. axb5 Bxb5+ 39. c4 dxc4+ 40. bxc4 Be8 41. c5+ Kc6 42. Kc4 Kb7 43. d5 a4 44. Kb4 Ka6 45. Nd3 a3 46. Kxa3 Kb5 47. c6 Bxc6 48. dxc6 Kxc6 49. Nf4 Kd6 50. Kb3 Ke5 51. Nd3+ Ke4 52. Kc3 Ke3 53. Ne5 f4 54. Nc4+ Ke2 55. Kd4 f3 56. Ke4 f2 57. Ne3 f1Q 58. Nxf1 Kxf1 59. Kf3 Kg1 60. Kg3 Kf1 61. h5 Ke2 62. hxg6 hxg6 63. Kf4 1-0

[Event "Rheinhausen-ch op 18th"]
[Site "Rheinhausen"]
[Date "2014.02.21"]
[Round "4"]
[White "Aytac, Cengiz"]
[Black "Zahn, Richard"]
[Result "0-1"]
[WhiteElo "1567"]
[BlackElo "1971"]
[PlyCount "56"]
[EventDate "2014.01.10"]
[EventType "swiss"]
[EventRounds "7"]
[EventCountry "GER"]
[SourceTitle "EXT 2017"]
[Source "ChessBase"]
[SourceDate "2016.10.25"]
[SourceVersion "1"]
[SourceVersionDate "2016.10.25"]
[SourceQuality "1"]

1. Nf3 d5 2. d4 c6 3. g3 Bg4 4. Bg2 Nd7 5. Nc3 e6 6. a3 f5 7. h3 Bh5 8. Ng5 Qe7 9. f4 Ngf6 10. Qd3 h6 11. Nf3 Ne4 12. Ne5 Nxe5 13. fxe5 c5 14. Qb5+ Qd7 15. Qxd7+ Kxd7 16. Nxe4 fxe4 17. g4 Bg6 18. e3 Be7 19. 0-0 h5 20. gxh5 Rxh5 21. Bd2 Bf5 22. Kh2 Rah8 23. Rxf5 exf5 24. b4 c4 25. c3 Bh4 26. Rf1 Rf8 27. Rf4 g5 28. Rxf5 Rxf5 0-1